<?xml version="1.0" encoding="UTF-8"?>
<record
    xmlns:xsi="http://www.w3.org/2001/XMLSchema-instance"
    xsi:schemaLocation="http://www.loc.gov/MARC21/slim http://www.loc.gov/standards/marcxml/schema/MARC21slim.xsd"
    xmlns="http://www.loc.gov/MARC21/slim">

  <leader>03749nam a2200481 i 4500</leader>
  <controlfield tag="001">60404</controlfield>
  <controlfield tag="003">CO-BoRNBP</controlfield>
  <controlfield tag="005">20260204221652.0</controlfield>
  <controlfield tag="007">ta</controlfield>
  <controlfield tag="008">010301s1988    sp     fr     000 0 spa d</controlfield>
  <datafield tag="020" ind1=" " ind2=" ">
    <subfield code="a">8433500198 (v. 1)</subfield>
  </datafield>
  <datafield tag="020" ind1=" " ind2=" ">
    <subfield code="a">9788433500199 (v. 1)</subfield>
  </datafield>
  <datafield tag="020" ind1=" " ind2=" ">
    <subfield code="a">8433500201 (v. 2)</subfield>
  </datafield>
  <datafield tag="020" ind1=" " ind2=" ">
    <subfield code="a">9788433500205 (v. 2)</subfield>
  </datafield>
  <datafield tag="020" ind1=" " ind2=" ">
    <subfield code="a">843350021X (v. 3)</subfield>
  </datafield>
  <datafield tag="020" ind1=" " ind2=" ">
    <subfield code="a">9788433500212 (v. 3)</subfield>
  </datafield>
  <datafield tag="020" ind1=" " ind2=" ">
    <subfield code="a">8433529994 (obra completa)</subfield>
  </datafield>
  <datafield tag="040" ind1=" " ind2=" ">
    <subfield code="a">CO-BoUNC</subfield>
    <subfield code="b">spa</subfield>
    <subfield code="e">rda</subfield>
    <subfield code="c">00</subfield>
  </datafield>
  <datafield tag="041" ind1="1" ind2=" ">
    <subfield code="a">spa</subfield>
    <subfield code="h">eng</subfield>
  </datafield>
  <datafield tag="082" ind1="0" ind2=" ">
    <subfield code="a">701.1</subfield>
    <subfield code="b">H376ht</subfield>
  </datafield>
  <datafield tag="082" ind1="0" ind2=" ">
    <subfield code="a">709</subfield>
    <subfield code="b">H18H</subfield>
    <subfield code="2">23</subfield>
  </datafield>
  <datafield tag="084" ind1=" " ind2=" ">
    <subfield code="a">00</subfield>
  </datafield>
  <datafield tag="100" ind1="1" ind2=" ">
    <subfield code="a">Hauser, Arnold</subfield>
    <subfield code="d">1892-1978</subfield>
    <subfield code="e">autor</subfield>
    <subfield code="9">68516</subfield>
  </datafield>
  <datafield tag="245" ind1="1" ind2=" ">
    <subfield code="a">Historia social de la literatura y del arte /</subfield>
    <subfield code="c">Arnold Hauser ; traductores A. Tovar y F. P. Varas-Reyes.</subfield>
  </datafield>
  <datafield tag="250" ind1=" " ind2=" ">
    <subfield code="a">20a. edici&#xFFFD;n</subfield>
  </datafield>
  <datafield tag="264" ind1=" " ind2=" ">
    <subfield code="a">Barcelona</subfield>
    <subfield code="b">Labor</subfield>
    <subfield code="c">1988</subfield>
  </datafield>
  <datafield tag="300" ind1=" " ind2=" ">
    <subfield code="a">3 vol&#xFFFD;menes ;</subfield>
    <subfield code="c">18 cm.</subfield>
  </datafield>
  <datafield tag="336" ind1=" " ind2=" ">
    <subfield code="a">texto</subfield>
    <subfield code="b">txt</subfield>
    <subfield code="2">rda contenido</subfield>
  </datafield>
  <datafield tag="337" ind1=" " ind2=" ">
    <subfield code="a">sin mediaci&#xFFFD;n</subfield>
    <subfield code="b">n</subfield>
    <subfield code="2">rda medio</subfield>
  </datafield>
  <datafield tag="338" ind1=" " ind2=" ">
    <subfield code="a">volumen</subfield>
    <subfield code="b">nc</subfield>
    <subfield code="2">rda soporte</subfield>
  </datafield>
  <datafield tag="490" ind1="1" ind2=" ">
    <subfield code="a">Punto Omega</subfield>
    <subfield code="v">19-21</subfield>
  </datafield>
  <datafield tag="505" ind1="0" ind2=" ">
    <subfield code="a">v. 1. I. Tiempos prehist&#xFFFD;ricos -- 1. Paleol&#xFFFD;tico. Magia y naturalismo -- 2. Neol&#xFFFD;tico. Animismo y geometrismo -- 3. El artista como mago y sacerdote -- II. Antiguas culturas urbanas orientales -- 1. Est&#xFFFD;tica y din&#xFFFD;mica en el antiguo arte oriental -- 2. La situaci&#xFFFD;n del artista y la organizaci&#xFFFD;n del trabajo art&#xFFFD;stico en Egipto -- 3. La esteoripaci&#xFFFD;n del arte en el Imperio Medio -- 4. El naturalismo del per&#xFFFD;odo de Ekhenat&#xFFFD;n -- 5. Mesopotamia -- 6. Creta -- III. Grecia y Roma -- 1. La edad her&#xFFFD;ica y la edad hom&#xFFFD;rica -- 2. El estilo arcaico y el arte en las cortes de los tiranos -- 3. Clasicismo y democracia -- 4. La "Ilustraci&#xFFFD;n" griega -- 5. La &#xFFFD;poca helen&#xFFFD;stica -- 6. La &#xFFFD;poca imperial y el final del mundo antiguo -- 7. Poetas y artistas en la antig&#xFFFD;edad -- IV. Edad Media -- 1. El espiritualismo del primitivo arte cristiano -- 2. El estilo art&#xFFFD;stico del cesaropapismo bizantino -- 3. Causas y consecuencias del movimiento iconoclasta -- 4. De las invaciones b&#xFFFD;rbaras al renacimiento carolingio -- 5. Poetas y p&#xFFFD;blico de los poemas &#xFFFD;picos -- 6. La organizaci&#xFFFD;n del trabajo art&#xFFFD;stico en los monasterios -- 7. Feudalismo y estilo rom&#xFFFD;nico -- 8. El romanticismo de la caballer&#xFFFD;a cortesana -- 9. El dualismo del g&#xFFFD;tico -- 10. Logias y gremios -- 11. El arte burgu&#xFFFD;s del g&#xFFFD;tico tard&#xFFFD;o -- V. Renacimiento -- 1. El concepto de Renacimiento -- 2. El p&#xFFFD;blico del arte burgu&#xFFFD;s y cortesano del Quattrocento -- 3. Posici&#xFFFD;n social del artista en el Renacimiento -- 4. El clasicismo del Cinquecento</subfield>
  </datafield>
  <datafield tag="505" ind1="0" ind2=" ">
    <subfield code="a">v. 2. VI. El manierismo -- 1. El concepto de Manierismo -- 2. La &#xFFFD;poca de la pol&#xFFFD;tica realista -- 3. La segunda derrota de la caballer&#xFFFD;a -- VII. El Barroco -- 1. El concepto de Barroco -- 2. El Barroco de las Cortes cat&#xFFFD;licas -- 3. El Barroco protestante y burgu&#xFFFD;s -- VIII. Rococo, Clasicismo y Romanticismo -- 1. La disoluci&#xFFFD;n del arte cortesano -- 2. El nuevo p&#xFFFD;blico lector -- 3. El origen del drama burgu&#xFFFD;s -- 4. Alemania y la Ilustraci&#xFFFD;n -- 5. Revoluci&#xFFFD;n y arte -- 6. El Romanticismo alem&#xFFFD;n y el de Europa occidental</subfield>
  </datafield>
  <datafield tag="505" ind1="0" ind2=" ">
    <subfield code="a">v. 3. IX. Naturalismo e impresionismo -- 1. La generaci&#xFFFD;n de 1830 -- 2. El segundo Imperio -- 3. La novela social en Inglaterra y Rusia -- 4. El Impresionismo -- X. Bajo el signo del cine -- Bajo el signo del cine</subfield>
  </datafield>
  <datafield tag="534" ind1=" " ind2=" ">
    <subfield code="t">The social history of art</subfield>
  </datafield>
  <datafield tag="650" ind1="1" ind2=" ">
    <subfield code="a">Arte</subfield>
    <subfield code="x">Historia</subfield>
    <subfield code="2">LEMB</subfield>
    <subfield code="9">59923</subfield>
  </datafield>
  <datafield tag="650" ind1="1" ind2=" ">
    <subfield code="a">Arte y sociedad</subfield>
    <subfield code="2">LEMB</subfield>
    <subfield code="9">68517</subfield>
  </datafield>
  <datafield tag="650" ind1="1" ind2=" ">
    <subfield code="a">Manierismo (Arte)</subfield>
    <subfield code="2">LEMB</subfield>
    <subfield code="9">68572</subfield>
  </datafield>
  <datafield tag="700" ind1="1" ind2=" ">
    <subfield code="a">Tovar, A</subfield>
    <subfield code="e">traductor</subfield>
    <subfield code="9">68573</subfield>
  </datafield>
  <datafield tag="700" ind1="1" ind2=" ">
    <subfield code="a">Varas-Reyes, F. P</subfield>
    <subfield code="e">traductor</subfield>
    <subfield code="9">68574</subfield>
  </datafield>
  <datafield tag="830" ind1=" " ind2=" ">
    <subfield code="a">Punto Omega</subfield>
    <subfield code="v">19-21</subfield>
    <subfield code="9">68575</subfield>
  </datafield>
  <datafield tag="942" ind1=" " ind2=" ">
    <subfield code="2">ddc</subfield>
    <subfield code="c">BK</subfield>
  </datafield>
  <datafield tag="999" ind1=" " ind2=" ">
    <subfield code="c">60404</subfield>
    <subfield code="d">60404</subfield>
  </datafield>
  <datafield tag="952" ind1=" " ind2=" ">
    <subfield code="0">0</subfield>
    <subfield code="1">0</subfield>
    <subfield code="2">ddc</subfield>
    <subfield code="4">0</subfield>
    <subfield code="7">0</subfield>
    <subfield code="8">GEN</subfield>
    <subfield code="a">MELEJANI</subfield>
    <subfield code="b">MELEJANI</subfield>
    <subfield code="c">GEN</subfield>
    <subfield code="d">2026-02-04</subfield>
    <subfield code="l">0</subfield>
    <subfield code="o">701.1 H376ht</subfield>
    <subfield code="p">LEJ02109</subfield>
    <subfield code="r">2026-02-04 22:17:20</subfield>
    <subfield code="t">Ej.1</subfield>
    <subfield code="w">2026-02-04</subfield>
    <subfield code="y">BK</subfield>
  </datafield>
</record>
